000 00639nam a2200229Ia 4500
003 OSt
005 20221007075854.0
006 a|||||r|||| 00| 0
007 ta
008 221006b |||||||| |||| 00| 0 eng d
024 _a10,411
037 _cTextual
040 _aFLL
_cFLL
_beng
041 _2eng
_aeng
082 _aF55.2.N81t, K1
100 _aParikh Jyoti K. Au.
_9694306
245 0 _aModelling energy demand for policy analysis
260 _aNew Delhi
_bPlanning commission India
_c1961
300 _a86p
_ccm.
942 _hF55.2.N81t, K1
_cTEXL
_2CC
999 _c1157670
_d1157670